000
00321nam a22001337a 4500
008
181217b xxu||||| |||| 00| 0 eng d
020
_a
9780536703200
041
_a
eng
080
_2
7th
_a
610.73
100
_a
2
101
_a
INF
245
_a
Life Sciences for Nursing and Health Sciences
_c
Thomas,V
942
_2
udc
_c
BK
999
_c
53167
_d
53167